000
00333nam a2200145Ia 4500
100
_a
Seymour/J
650
_a
Electrical Engineering
942
_c
BK
654
_a
Electronic Device & Components
245
_a
Electronic Device & Components
260
_b
ELBS
_a
Malaysia
_c
1988
300
_a
575
546
_a
ENGLISH
999
_c
18131
_d
18131